01171pab a2200169 454500008004000000100001700040245005800057260000900115300001300124362000800137520066300145650001800808773004500826909001000871999001700881952010300898180718b2006 xxu||||| |||| 00| 0 eng d aSaxena, Arun aOrganizational learning research: a systematic review c2006 ap.33-46. aJul aThe purpose of this paper is to ascertain the status of, and highlight the trends in, Organizational learning research. The EBSCO database is used to search articles and papers and these are then analyzed on a number of parameters. These include types of research methodology used, the purpose the papers serve, the areas covered by the papers, most frequently cited papers and most influential authors. The paper extends the work of Crossan and Guatto (1996). It furnishes information that fulfills the `information need' of researchers, and provides a starting point for those entering organiztional learning (OL) research for the first time. - Reproduced. aOrganizations aICFAI Journal of Organizational Behavior a70580 c70580d70580 00104070aIIPAbIIPAd2018-07-19hVolume no: 5, Issue no: 3pAR71040r2018-07-19w2018-07-19yAR